[Event "Leeuwarden Open"]
[Site "Leeuwarden NED"]
[Date "1993.??.??"]
[Round "7"]
[White "Lemmers, Oscar"]
[Black "Bosboom, Manuel"]
[Result "0-1"]
[WhiteElo "2385"]
[BlackElo "2440"]
[PlyCount "70"]
[EventDate "1993.08.??"]
[Source "www.chesslib.no"]
[SourceDate "2004.05.04"]

1. e4 e5 2. Nc3 d6 3. Bc4 Nf6 4. f4 exf4 5. d3 c6 6. Bxf4 a5 7. a4 d5 8. Bb3 Bb4 9. Bd2 dxe4 10. dxe4 O-O 11. Nf3 Bxc3 12. Bxc3 Nxe4 13. Qxd8 Rxd8 14. Be5 Nc5 15. Bc4 Be6 16. Be2 Nbd7 17. Bf4 Re8 18. O-O Bd5 19. Rfe1 Re4 20. Bd2 Rxa4 21. Rxa4 Nxa4 22. b3 Nac5 23. Nd4 h6 24. Ra1 a4 25. Bb4 Kh7 26. c4 axb3 27. Rf1 Be4 28. Nxb3 Nxb3 29. Rxf7 Nd4 30. Bf1 Nf6 31. c5 Ra1 32. Kf2 Bg6 33. Rxb7 Ne4+ 34. Kg1 Ne2+ 35. Kh1 Nf2# 0-1

[Event "Memorial Hodzhaev"]
[Site "Tashkent (Uzbekistan)"]
[Date "1982.??.??"]
[Round "?"]
[White "Kholmov, Ratmir D"]
[Black "Shpilker, Boris"]
[Result "1/2-1/2"]
[WhiteElo "2475"]
[BlackElo "2345"]
[PlyCount "84"]
[EventDate "1982.??.??"]
[Source "www.chesslib.no"]
[SourceDate "2004.05.04"]

1. e4 Nc6 2. Nc3 e5 3. g3 g6 4. Bg2 Bg7 5. Nge2 d6 6. O-O Be6 7. d3 Qd7 8. Nd5 Nce7 9. Ne3 Bh3 10. Bd2 Nf6 11. Bxh3 Qxh3 12. Kh1 Ng4 13. Nxg4 Qxg4 14. f3 Qe6 15. c4 O-O 16. g4 Nc6 17. Ng3 Nd4 18. Be3 Qe7 19. Bxd4 exd4 20. f4 c6 21. Qf3 a5 22. Rae1 a4 23. g5 f6 24. h4 fxg5 25. hxg5 Qd7 26. Kg2 Ra5 27. Qe2 b5 28. Rf2 bxc4 29. dxc4 Rb8 30. Rd1 Rc5 31. e5 dxe5 32. f5 gxf5 33. Nxf5 Re8 34. Rh1 Re6 35. Qg4 e4 36. Qh3 Bf8 37. Nxd4 Rxg5+ 38. Kf1 Rgg6 39. Rxf8+ Kxf8 40. Nxe6+ Qxe6 41. Qxe6 Rxe6 42. Rxh7 c5 1/2-1/2

[Event "Skopje op"]
[Site "Skopje"]
[Date "1998.12.20"]
[Round "9"]
[White "Mitkov, Nikola"]
[Black "Stojcevski, Zoran"]
[Result "1/2-1/2"]
[WhiteElo "2515"]
[BlackElo "2305"]
[PlyCount "116"]
[EventDate "1998.12.??"]
[Source "www.chesslib.no"]
[SourceDate "2004.05.04"]

1. e4 e5 2. Bc4 Nc6 3. Nc3 Bc5 4. d3 d6 5. Na4 Nge7 6. Nxc5 dxc5 7. f4 exf4 8. Bxf4 Ng6 9. Bg3 Nce5 10. Bb3 Bg4 11. Ne2 Qg5 12. Qc1 Qxc1+ 13. Rxc1 O-O-O 14. Nc3 Rhe8 15. O-O Rd7 16. Nd5 c4 17. dxc4 Be2 18. Bxe5 Nxe5 19. Rf5 f6 20. c5 Red8 21. h3 c6 22. Ne3 Rd2 23. Rf2 Bh5 24. Nf5 Rxf2 25. Kxf2 Rd2+ 26. Kg3 Bg6 27. Re1 Bxf5 28. exf5 Kc7 29. Re3 Kd8 30. Rc3 Re2 31. Bg8 h6 32. Kh2 h5 33. b4 h4 34. a3 Ke7 35. Kg1 Re4 36. Be6 g5 37. Bc8 b6 38. cxb6 axb6 39. Bb7 Kd6 40. Bc8 Rc4 41. Rxc4 Nxc4 42. a4 Ne3 43. c3 Nd1 44. a5 bxa5 45. bxa5 Nxc3 46. Kf2 Kc5 47. Ke3 Nd5+ 48. Ke4 Nb4 49. Bd7 Kb5 50. Kd4 Na6 51. Be8 Nb4 52. Ke4 Kxa5 53. Bxc6 Kb6 54. Ba4 Kc5 55. Bb3 Nc6 56. Be6 Nd4 57. Bc8 Ne2 58. Ke3 Ng3 1/2-1/2

[Event "Spring Open"]
[Site "Budapest HUN"]
[Date "1989.??.??"]
[Round "?"]
[White "Tseitlin, Michael S"]
[Black "Yanvarjov, Igor"]
[Result "1-0"]
[WhiteElo "2460"]
[BlackElo "2360"]
[PlyCount "109"]
[EventDate "1989.03.??"]
[Source "www.chesslib.no"]
[SourceDate "2004.05.04"]

1. e4 e5 2. Nc3 Bc5 3. Nf3 d6 4. Na4 Bb6 5. Nxb6 axb6 6. d3 Nf6 7. Be2 Nc6 8. O-O Ne7 9. Re1 Ng6 10. Bf1 O-O 11. c3 h6 12. d4 Qe7 13. Bd3 Be6 14. a3 Nh7 15. Be3 Qf6 16. Qd2 Ne7 17. Kh1 g5 18. Ng1 Ng6 19. g3 Rad8 20. Rf1 d5 21. f4 gxf4 22. gxf4 dxe4 23. fxe5 Qh4 24. Bc2 f5 25. exf6 Nxf6 26. Qg2 Kh7 27. Nf3 Qh3 28. Ne5 Qxg2+ 29. Kxg2 Nd5 30. Bd2 Nxe5 31. dxe5 Bf5 32. Rxf5 Rxf5 33. Bxe4 Ne7 34. Bf4 Kg6 35. Kf3 Kf7 36. Bxf5 Nxf5 37. Ke4 Ke6 38. Rg1 Ne7 39. Bxh6 Rh8 40. Bf4 Rh4 41. Kf3 Rh5 42. Rg7 Nd5 43. Bg3 b5 44. h4 Kf5 45. Rd7 Ke6 46. Rg7 Kf5 47. Rg8 Rh6 48. Rg5+ Ke6 49. h5 Kf7 50. Bf4 Rh7 51. Rf5+ Ke6 52. Ke4 c6 53. h6 Rh8 54. Bd2 Ke7 55. Rg5 1-0

[Event "Vrnjacka Banja"]
[Site "Vrnjacka Banja YUG"]
[Date "1988.??.??"]
[Round "?"]
[White "Marinkovic, Ivan"]
[Black "Maksimovic, Branimir"]
[Result "1-0"]
[WhiteElo "2415"]
[BlackElo "2400"]
[PlyCount "59"]
[EventDate "1988.04.??"]
[Source "www.chesslib.no"]
[SourceDate "2004.05.04"]

1. e4 e5 2. Nc3 g6 3. d4 d6 4. Nf3 f6 5. Bc4 c6 6. Be3 Nh6 7. h3 Qe7 8. Qd2 Nf7 9. O-O-O Be6 10. d5 Bc8 11. dxc6 bxc6 12. g4 Be6 13. Nd5 Bxd5 14. Bxd5 Nd8 15. Bb3 Nd7 16. h4 Ne6 17. h5 g5 18. Rhe1 Ndc5 19. Bxc5 Nxc5 20. Ng1 a5 21. Bc4 Qb7 22. Re3 Rb8 23. b3 a4 24. Ne2 axb3 25. cxb3 h6 26. Ng3 Rh7 27. Rf3 Qc8 28. Rxf6 Qxg4 29. Rxf8+ Kxf8 30. Qxd6+ 1-0

[Event "ESP Team Ch"]
[Site "?"]
[Date "2002.12.03"]
[Round "4"]
[White "Llobel Cortell Enrique"]
[Black "Garcia Padron Jose"]
[Result "1-0"]
[WhiteElo "2385"]
[BlackElo "2426"]
[PlyCount "62"]
[EventDate "2002.??.??"]
[Source "www.chesslib.no"]
[SourceDate "2004.05.04"]

1. e4 e5 2. Nc3 Bc5 3. Bc4 d6 4. d3 c6 5. Bb3 Nd7 6. f4 Bxg1 7. Rxg1 Qh4+ 8. g3 Qxh2 9. Be3 Nc5 10. d4 Nxb3 11. axb3 Nf6 12. f5 O-O 13. Qd3 d5 14. O-O-O Re8 15. dxe5 Ng4 16. Bf4 Nxe5 17. Bxe5 Rxe5 18. Rh1 Qf2 19. Rdf1 Qc5 20. exd5 cxd5 21. g4 Bd7 22. Kb1 Qe3 23. Qd1 Rae8 24. Nxd5 Qg5 25. Rh5 Qd8 26. Rfh1 h6 27. Nb4 f6 28. Nd3 Re4 29. Nc5 R4e7 30. Qd5+ Kh8 31. Rd1 Qc8 1-0

[Event "SVE Team Ch"]
[Site "?"]
[Date "1985.??.??"]
[Round "?"]
[White "Hellers, Ferdinand"]
[Black "Akesson, Ralf"]
[Result "1-0"]
[WhiteElo "2380"]
[BlackElo "2425"]
[PlyCount "55"]
[EventDate "1985.??.??"]
[Source "www.chesslib.no"]
[SourceDate "2004.05.04"]

1. e4 Nc6 2. Nc3 e5 3. f4 exf4 4. Nf3 g5 5. h4 g4 6. Ng5 d6 7. d4 h6 8. Nxf7 Kxf7 9. Bc4+ Kg7 10. Bxf4 Nf6 11. Qd2 Be7 12. O-O-O Qe8 13. Rhf1 Qh5 14. e5 dxe5 15. dxe5 Nxe5 16. Nd5 Nxc4 17. Qc3 Be6 18. Bg5 hxg5 19. Nxf6 Qg6 20. Nd5+ Kh7 21. Nxe7 Qg7 22. Rf6 Qxe7 23. Re1 Qg7 24. Rexe6 Rhf8 25. Qd3+ Kg8 26. Rg6 Rad8 27. Rxg7+ Kxg7 28. Qg6+ 1-0

[Event "WchT U26"]
[Site "Paranana"]
[Date "1993.??.??"]
[Round "?"]
[White "Spangenberg, Hugo H"]
[Black "Tchimino, Joe"]
[Result "1/2-1/2"]
[WhiteElo "2505"]
[BlackElo "2300"]
[PlyCount "105"]
[EventDate "1993.11.??"]
[Source "www.chesslib.no"]
[SourceDate "2004.05.04"]

1. e4 e5 2. Nc3 Bc5 3. Nf3 d6 4. d4 exd4 5. Nxd4 Bd7 6. Be3 Nf6 7. Qd2 Nc6 8. O-O-O Ng4 9. Bg5 f6 10. Nxc6 bxc6 11. Bh4 O-O 12. h3 Nh6 13. Bc4+ Kh8 14. f4 Qe8 15. g4 Be6 16. Bb3 Bxb3 17. axb3 Bb4 18. Qd3 Bxc3 19. bxc3 Nf7 20. Rhe1 a5 21. Kb2 Qb8 22. Ra1 Qb5 23. Ra4 Ra6 24. Rea1 Rfa8 25. c4 Qb6 26. Be1 Nd8 27. f5 Nb7 28. Qd2 Nc5 29. Rxa5 Nxe4 30. Rxa6 Rxa6 31. Rxa6 Qxa6 32. Qd4 Nc5 33. Qe3 Qc8 34. Ba5 h6 35. h4 Nd7 36. Qe6 Qa8 37. Bc3 Ne5 38. Qe7 Qb8 39. g5 hxg5 40. hxg5 fxg5 41. f6 gxf6 42. Qxf6+ Kh7 43. c5 g4 44. Qf5+ Kh6 45. Bd2+ Kg7 46. Bg5 Qe8 47. Bf6+ Kg8 48. Qg5+ Qg6 49. Qh4 g3 50. Bxe5 dxe5 51. Qd8+ Kh7 52. Qh4+ Kg8 53. Qd8+ 1/2-1/2

[Event "Cartak CZE, Friendship GM 05"]
[Site "?"]
[Date "2005.06.20"]
[Round "4"]
[White "Cernousek Lukas"]
[Black "Plachetka Jan"]
[Result "1-0"]
[WhiteElo "2352"]
[BlackElo "2448"]
[PlyCount "51"]
[EventDate "2005.??.??"]
[Source "www.chesslib.no"]
[SourceDate "2004.05.04"]

1. e4 e5 2. Nc3 Bc5 3. Nf3 d6 4. Na4 Bb6 5. Nxb6 axb6 6. d4 Nd7 7. Bc4 Ngf6 8. O-O O-O 9. Bg5 h6 10. Bh4 Qe7 11. Re1 Re8 12. Bg3 Nh7 13. c3 Qf6 14. Re3 Ng5 15. Nxg5 Qxg5 16. Qb3 Rf8 17. Rf1 h5 18. f4 Qh6 19. Ref3 exd4 20. cxd4 Nf6 21. e5 Ne4 22. Be1 Bf5 23. Re3 Qg6 24. Bd3 c5 25. d5 Rae8 26. Qc2 1-0

[Event "FRA-chT"]
[Site "France"]
[Date "1996.??.??"]
[Round "?"]
[White "David, Alberto"]
[Black "Mitkov, Nikola"]
[Result "0-1"]
[WhiteElo "2330"]
[BlackElo "2470"]
[PlyCount "57"]
[EventDate "1996.??.??"]
[Source "ChessBase"]

1. e4 e5 2. f4 Nc6 3. Nc3 exf4 4. Nf3 d6 5. d4 g5 6. d5 Ne5 7. Bb5+ Bd7 8. Bxd7+ Nxd7 9. Qd4 Ngf6 10. Nxg5 Rg8 11. Nf3 Rxg2 12. Bxf4 Bg7 13. Bd2 Nc5 14. Qc4 Qd7 15. O-O-O O-O-O 16. Rdg1 Qh3 17. Ng5 Rxg1+ 18. Rxg1 Qxh2 19. Qf1 Qh5 20. e5 dxe5 21. Qc4 Bf8 22. b4 Na6 23. d6 Rxd6 24. b5 Rd4 25. Qe2 Ba3+ 26. Kd1 Nc5 27. Qxh5 Nxh5 28. Nxf7 Nf6 29. Ke2 0-1

[Event "Fuerteventura Open"]
[Site "Fuerteventura"]
[Date "1992.??.??"]
[Round "?"]
[White "Fernandez, German"]
[Black "Arencibia, Walter"]
[Result "1/2-1/2"]
[WhiteElo "2265"]
[BlackElo "2535"]
[PlyCount "35"]
[EventDate "1992.??.??"]
[Source "www.chesslib.no"]
[SourceDate "2004.05.04"]

1. e4 e5 2. Nc3 Bc5 3. Bc4 d6 4. d3 c6 5. Qh5 Qe7 6. Bg5 Nf6 7. Qh4 Nbd7 8. Nge2 h6 9. O-O Qf8 10. Be3 Nb6 11. Bxc5 dxc5 12. f4 Nxc4 13. dxc4 Be6 14. fxe5 g5 15. Qg3 Nd7 16. b3 O-O-O 17. Rad1 Qg7 18. Nd5 1/2-1/2

[Event "Chigorin mem-A 10th"]
[Site "?"]
[Date "2002.11.02"]
[Round "8"]
[White "Kislinsky Alexey"]
[Black "Feoktistov Alexey A"]
[Result "0-1"]
[WhiteElo "2397"]
[BlackElo "2402"]
[PlyCount "74"]
[EventDate "2002.??.??"]
[Source "www.chesslib.no"]
[SourceDate "2004.05.04"]

1. e4 e5 2. Nc3 Bc5 3. Nf3 d6 4. d4 exd4 5. Nxd4 Nf6 6. Bg5 h6 7. Bh4 c6 8. Be2 O-O 9. O-O Nbd7 10. Kh1 Ne5 11. Nb3 Bb6 12. f4 Ng6 13. Bg3 Re8 14. Bf3 Be3 15. f5 Ne5 16. Qe2 Bb6 17. Rad1 Qe7 18. Bh4 a5 19. Nc1 a4 20. a3 Ba5 21. Qf2 Nc4 22. Nd3 Bb6 23. Qg3 Ne3 24. Ne2 Nxf1 25. Rxf1 Nxe4 26. Bxe4 Qxe4 27. Bf6 g6 28. Nc3 Qe3 29. Re1 Bxf5 30. Rxe3 Rxe3 31. Qh4 Rae8 32. h3 Bxd3 33. Qxh6 Re1+ 34. Kh2 Bg1+ 35. Kg3 R8e3+ 36. Kh4 Bf2+ 37. Kg4 Rg3+ 0-1

[Event "Bhilwara"]
[Site "New Delhi IND"]
[Date "1986.??.??"]
[Round "?"]
[White "Anand, Viswanathan"]
[Black "Ravisekhar, Raja"]
[Result "1-0"]
[WhiteElo "2405"]
[BlackElo "2390"]
[PlyCount "113"]
[EventDate "1986.??.??"]
[Source "www.chesslib.no"]
[SourceDate "2004.05.04"]

1. e4 e5 2. Bc4 Nc6 3. Nc3 Bc5 4. Qg4 Kf8 5. Qg3 d6 6. Nge2 Nd4 7. Nxd4 exd4 8. Na4 Be6 9. Bxe6 fxe6 10. Nxc5 dxc5 11. Qb3 Qc8 12. Qf3+ Ke7 13. Qg3 Kf7 14. Qf4+ Kg6 15. Qg4+ Kf6 16. d3 b6 17. h4 Kf7 18. Qf3+ Ke8 19. Qh5+ Kf8 20. Bg5 Qe8 21. Qf3+ Qf7 22. Qg3 Nf6 23. O-O-O h6 24. Bd2 Kg8 25. Kb1 Rf8 26. Qh3 Rh7 27. h5 Kh8 28. f4 Ng8 29. g4 e5 30. g5 hxg5 31. fxg5 g6 32. Rdf1 Qe8 33. Rxf8 Qxf8 34. h6 Qe8 35. b3 a5 36. Be1 Qe7 37. Bd2 Rf7 38. Rf1 Rxf1+ 39. Qxf1 Kh7 40. Kb2 Qe8 41. a4 Qe7 42. Qf3 Kh8 43. Qg4 Kh7 44. Be1 c6 45. Bg3 b5 46. Be1 bxa4 47. bxa4 c4 48. dxc4 c5 49. Bxa5 Qb7+ 50. Kc1 Ne7 51. Qe6 Nc6 52. Bd2 Qc7 53. Qf6 Qd7 54. a5 Qc7 55. a6 Nb8 56. Ba5 Qd7 57. Bd8 1-0

[Event "Moscow4"]
[Site "Moscow RUS"]
[Date "1990.??.??"]
[Round "?"]
[White "Dragojlovic, Andjelko"]
[Black "Vorotnikov, Vladislav V"]
[Result "1/2-1/2"]
[WhiteElo "2390"]
[BlackElo "2405"]
[PlyCount "21"]
[EventDate "1990.??.??"]
[Source "www.chesslib.no"]
[SourceDate "2004.05.04"]

1. e4 e5 2. Nc3 d6 3. Bc4 Nc6 4. d3 Nf6 5. Nge2 Na5 6. O-O Nxc4 7. dxc4 Be7 8. b3 O-O 9. a4 Nh5 10. f4 Nxf4 11. Nxf4 1/2-1/2

[Event "Decin op"]
[Site "Decin"]
[Date "1996.??.??"]
[Round "7"]
[White "Cherevatenko, Roman"]
[Black "Hasangatin, Ramil"]
[Result "1/2-1/2"]
[WhiteElo "2415"]
[BlackElo "2380"]
[PlyCount "90"]
[EventDate "1996.??.??"]
[Source "ChessBase"]

1. e4 e5 2. Nc3 d6 3. Bc4 c6 4. d4 Nd7 5. Nf3 Be7 6. O-O Ngf6 7. a4 O-O 8. Qe2 exd4 9. Nxd4 Re8 10. Be3 Bf8 11. f3 d5 12. exd5 Nb6 13. Ba2 Nbxd5 14. Nxd5 Nxd5 15. Bxd5 Qxd5 16. Qf2 Qh5 17. Rfe1 Qg6 18. Rad1 h6 19. Qg3 Qxg3 20. hxg3 h5 21. Kf2 Re5 22. Rd2 g6 23. c3 f6 24. Bf4 Rxe1 25. Kxe1 Bd7 26. Nb5 Re8+ 27. Kf1 Be6 28. Nd6 Re7 29. Ne4 f5 30. Nc5 Bc4+ 31. Kf2 b6 32. Bd6 Re8 33. Bxf8 Kxf8 34. Nd7+ Kg7 35. f4 Rd8 36. Ke3 Bb3 37. a5 bxa5 38. Ne5 Rxd2 39. Kxd2 Bd5 40. Ke3 Bxg2 41. Kd4 Kf6 42. Nd7+ Ke6 43. Nc5+ Kf6 44. Nb7 Ke7 45. Nxa5 Kf6 1/2-1/2

[Event "DEN-ch"]
[Site "Horsens"]
[Date "1978.??.??"]
[Round "6"]
[White "Jakobsen, Ole"]
[Black "Iskov, Gert"]
[Result "1-0"]
[WhiteElo "2400"]
[BlackElo "2395"]
[PlyCount "63"]
[EventDate "1978.??.??"]
[Source "ChessBase"]

1. e4 e5 2. Nc3 Bc5 3. Nf3 d6 4. d4 exd4 5. Nxd4 Qf6 6. Be3 Ne7 7. Qd2 a6 8. O-O-O Nbc6 9. Nxc6 Bxe3 10. Qxe3 bxc6 11. f4 Ng6 12. g3 O-O 13. h4 Bg4 14. Be2 Bxe2 15. Qxe2 Rfe8 16. h5 Nf8 17. h6 Qe6 18. hxg7 Kxg7 19. Rh5 Reb8 20. Rdh1 Kh8 21. Qh2 Qg6 22. Rg5 Qe6 23. Qh4 f6 24. Rg6 Qf7 25. Rxf6 Qg7 26. f5 Rb4 27. g4 d5 28. g5 dxe4 29. g6 e3 30. Rxf8+ Rxf8 31. Qxb4 h6 32. Qf4 1-0

[Event "Srbia-chT"]
[Site "YUG"]
[Date "2000.??.??"]
[Round "?"]
[White "Runic, Zoran"]
[Black "Jevtic, Miodrag"]
[Result "0-1"]
[WhiteElo "2445"]
[BlackElo "2350"]
[PlyCount "68"]
[EventDate "2000.??.??"]
[Source "www.chesslib.no"]
[SourceDate "2004.05.04"]

1. e4 e5 2. Nc3 d6 3. d4 exd4 4. Qxd4 Nc6 5. Bb5 Bd7 6. Bxc6 Bxc6 7. Nf3 Nf6 8. Bg5 Be7 9. O-O-O O-O 10. Rhe1 Nd7 11. Bf4 Bf6 12. Qd2 Re8 13. Nd4 Ne5 14. Bg3 Nc4 15. Qd3 Bxd4 16. Qxd4 b5 17. b3 Nb6 18. f4 a5 19. e5 b4 20. Ne4 Bxe4 21. Rxe4 d5 22. Ree1 Qe7 23. Bf2 Rac8 24. Qc5 Qe6 25. h3 h5 26. Rg1 a4 27. Qxb4 axb3 28. axb3 Ra8 29. g4 c5 30. Qb5 hxg4 31. hxg4 d4 32. f5 Qxe5 33. Rge1 Qd6 34. Bg3 Qd8 0-1

[Event "NED-chT"]
[Site "NED"]
[Date "2000.04.29"]
[Round "7"]
[White "Kuijf, Marinus"]
[Black "Zagema, Wieb"]
[Result "1-0"]
[WhiteElo "2452"]
[BlackElo "2342"]
[PlyCount "82"]
[EventDate "2000.02.05"]
[Source "www.chesslib.no"]
[SourceDate "2004.05.04"]

1. e4 e5 2. Nc3 d6 3. Bc4 Nf6 4. d3 c6 5. f4 Be6 6. Bb3 Qa5 7. Bd2 exf4 8. Nd5 Qd8 9. Nxf4 Bg4 10. Nf3 g5 11. Ne2 h6 12. O-O Nbd7 13. h3 Qb6+ 14. Kh1 Bh5 15. Ng3 Bg6 16. Qe1 Qc7 17. Bc3 O-O-O 18. Nh2 Be7 19. Nf5 Bxf5 20. Rxf5 Rhf8 21. Qe2 Rde8 22. Raf1 d5 23. Bxf6 Bxf6 24. Rxf6 Nxf6 25. Rxf6 Qe5 26. Qf2 dxe4 27. dxe4 Kb8 28. Ng4 Qxe4 29. Nxh6 Ka8 30. Ng4 Rh8 31. Qf3 Qd4 32. Kh2 Re1 33. c3 Qg1+ 34. Kg3 Rhe8 35. Qf2 Qh1 36. Rxf7 a6 37. Rf8 R1e4 38. Rxe8+ Rxe8 39. Bc4 Qc1 40. Kh2 Rd8 41. Ne5 Qd1 1-0

[Event "Wch U20"]
[Site "Santiago CHI"]
[Date "1990.??.??"]
[Round "4"]
[White "Gdanski, Jacek"]
[Black "Camejo Almeida, Rui"]
[Result "1-0"]
[WhiteElo "2430"]
[BlackElo "2360"]
[PlyCount "113"]
[EventDate "1990.08.??"]
[Source "www.chesslib.no"]
[SourceDate "2004.05.04"]

1. e4 e5 2. Nc3 Bb4 3. Nd5 Ba5 4. b4 c6 5. bxa5 cxd5 6. exd5 Qxa5 7. Qg4 Kf8 8. Nf3 Nh6 9. Qc4 Na6 10. d6 f6 11. Rb1 Qc5 12. d4 exd4 13. Bxh6 gxh6 14. Qxd4 Qxd4 15. Nxd4 Nc5 16. Bc4 b6 17. O-O Bb7 18. Rfe1 Ne4 19. Rbd1 Nxd6 20. Ne6+ dxe6 21. Rxd6 Rg8 22. Rexe6 Rxg2+ 23. Kf1 Rg7 24. Rxf6+ Ke7 25. Rfe6+ Kf8 26. Rf6+ Ke7 27. Rxh6 Rc8 28. Rhe6+ Kf8 29. Bd3 Re8 30. Rxe8+ Kxe8 31. Rh6 Bd5 32. a3 Bg8 33. f3 Rc7 34. Ke2 Kf8 35. Rh4 Kg7 36. Rg4+ Kf8 37. Ke3 Re7+ 38. Re4 Rg7 39. Rf4+ Ke7 40. Rh4 Kf6 41. Rf4+ Ke7 42. Re4+ Kd6 43. Kd4 h5 44. Re5 Bf7 45. Rf5 Ke7 46. h4 Rg2 47. Bc4 Bg6 48. Re5+ Kd7 49. Rg5 Rxg5 50. hxg5 Bxc2 51. Ke5 Ke7 52. f4 h4 53. Be6 b5 54. f5 h3 55. g6 h2 56. f6+ Kd8 57. f7 1-0

[Event "Spring Open"]
[Site "Budapest HUN"]
[Date "1991.??.??"]
[Round "7"]
[White "Morvay, Miklos"]
[Black "Martynov, Pavel"]
[Result "0-1"]
[WhiteElo "2315"]
[BlackElo "2465"]
[PlyCount "78"]
[EventDate "1991.03.??"]
[Source "www.chesslib.no"]
[SourceDate "2004.05.04"]

1. e4 e5 2. Nc3 d6 3. Bc4 Nf6 4. d3 Nc6 5. f4 Na5 6. f5 Nxc4 7. dxc4 g6 8. g4 gxf5 9. gxf5 b5 10. cxb5 d5 11. Bg5 d4 12. Bxf6 Qxf6 13. Nd5 Qh4+ 14. Kf1 Bb7 15. Qe1 Qh6 16. c4 Bxd5 17. exd5 O-O-O 18. Qxe5 Rg8 19. Qxd4 Rg5 20. Qxa7 Rxf5+ 21. Ke2 Re8+ 22. Kd3 Rf6 23. Rd1 Rb6 24. d6 Qe3+ 25. Kc2 Qe4+ 26. Kb3 Bxd6 27. Rd5 Qe3+ 28. Ka4 Re4 29. Qa8+ Kd7 30. Rxd6+ Rxd6 31. b3 Qd3 32. Nh3 Rxc4+ 33. Ka3 Rdd4 34. Nf2 Ra4+ 35. Qxa4 Rxa4+ 36. Kxa4 Qd4+ 37. b4 Qxf2 38. Rd1+ Kc8 39. Rc1 Qxa2# 0-1

[Event "Barcelona"]
[Site "Barcelona ESP"]
[Date "1993.??.??"]
[Round "3"]
[White "De la Riva Aguado, Oscar"]
[Black "Mellado Trivino, Juan"]
[Result "1/2-1/2"]
[WhiteElo "2365"]
[BlackElo "2410"]
[PlyCount "27"]
[EventDate "1993.??.??"]
[Source "www.chesslib.no"]
[SourceDate "2004.05.04"]

1. e4 e5 2. Nc3 Bc5 3. Nf3 d6 4. d4 exd4 5. Nxd4 Nf6 6. Bg5 h6 7. Bh4 Nc6 8. Nb3 Bb4 9. Bd3 g5 10. Bg3 Qe7 11. Qd2 Be6 12. O-O-O O-O-O 13. Rhe1 Ne5 14. Bf1 1/2-1/2

[Event "Viking op"]
[Site "Aaland-Stockholm"]
[Date "1997.??.??"]
[Round "?"]
[White "Arakhamia Grant, Ketevan"]
[Black "Rantanen, Yrjo A"]
[Result "1/2-1/2"]
[WhiteElo "2430"]
[BlackElo "2345"]
[PlyCount "101"]
[EventDate "1997.08.??"]
[Source "www.chesslib.no"]
[SourceDate "2004.05.04"]

1. e4 e5 2. Nc3 d6 3. Bc4 Be6 4. Bxe6 fxe6 5. Nf3 c5 6. d3 Nc6 7. O-O h6 8. Ne1 g5 9. a3 Nf6 10. b4 b6 11. b5 Ne7 12. a4 Ng6 13. g3 Bg7 14. Bd2 O-O 15. Ng2 d5 16. Qe2 Qd7 17. Rfb1 Rf7 18. a5 Raf8 19. axb6 axb6 20. Be1 Ne7 21. Ra6 Nc8 22. h4 g4 23. h5 Nxh5 24. Qxg4 Nf6 25. Qe2 Nh7 26. Nh4 Rf6 27. Qg4 Qf7 28. Nd1 Ng5 29. Rba1 Nf3+ 30. Nxf3 Rg6 31. Qh3 Qxf3 32. Nc3 d4 33. Na4 h5 34. Nxb6 Nxb6 35. Rxb6 h4 36. Qg2 Qg4 37. Rba6 Bh6 38. Ra8 hxg3 39. Rxf8+ Kxf8 40. f3 Qf4 41. b6 Rg7 42. Rb1 Rb7 43. Bxg3 Qg5 44. Qh2 Ke8 45. Kh1 Bg7 46. f4 Qg4 47. fxe5 Kd7 48. Qh4 Qxh4+ 49. Bxh4 Bxe5 50. Kg2 Kc6 51. Bd8 1/2-1/2

[Event "Espoo Open"]
[Site "Espoo"]
[Date "1991.??.??"]
[Round "1"]
[White "Dunworth, Christopher"]
[Black "Petkevich, Jusefs"]
[Result "1/2-1/2"]
[WhiteElo "2330"]
[BlackElo "2445"]
[PlyCount "74"]
[EventDate "1991.??.??"]
[Source "www.chesslib.no"]
[SourceDate "2004.05.04"]

1. e4 e5 2. Nc3 d6 3. Nge2 Nf6 4. d4 Be7 5. dxe5 dxe5 6. Qxd8+ Bxd8 7. f3 c6 8. Be3 Nbd7 9. Kf2 Be7 10. Nc1 Nc5 11. Nb3 Nfd7 12. Bc4 b5 13. Be2 a5 14. Nxc5 Nxc5 15. a4 b4 16. Nb1 f5 17. exf5 Bxf5 18. Rc1 b3 19. c3 Nd3+ 20. Bxd3 Bxd3 21. Nd2 Rb8 22. Re1 O-O 23. Kg1 Rfd8 24. Kf2 Rd5 25. Rac1 Bh4+ 26. g3 Be7 27. Kg2 h6 28. Ne4 Bc2 29. Kf2 Rf8 30. Kg2 Rfd8 31. Kf2 Kf7 32. Kg2 Bxe4 33. fxe4 Rd3 34. Kf2 Ke6 35. Ke2 Rxe3+ 36. Kxe3 Bg5+ 37. Ke2 Bxc1 1/2-1/2

[Event "Pardubice KB op"]
[Site "Pardubice"]
[Date "2000.07.26"]
[Round "6"]
[White "Kutuzovic, Branko"]
[Black "Glienke, Manfred"]
[Result "1/2-1/2"]
[WhiteElo "2427"]
[BlackElo "2348"]
[PlyCount "88"]
[EventDate "2000.07.21"]
[Source "www.chesslib.no"]
[SourceDate "2004.05.04"]

1. e4 e5 2. Nc3 Bc5 3. Nf3 d6 4. g3 Nc6 5. Bg2 Nge7 6. Na4 h6 7. Nxc5 dxc5 8. d3 Be6 9. Be3 Qd6 10. Nd2 O-O-O 11. a3 b6 12. O-O h5 13. h3 h4 14. g4 Ng6 15. Re1 Kb8 16. Qc1 f6 17. Bf1 Nf4 18. Nf3 g5 19. b3 Qd7 20. Nh2 Qd6 21. Qb2 a5 22. Rab1 Kb7 23. Nf3 Qd7 24. Nh2 Ra8 25. Red1 Nd4 26. c4 Qd6 27. Kh1 Ra7 28. Bd2 Rha8 29. Bc3 Kc8 30. Ra1 Nc6 31. Nf3 Kb7 32. Ne1 Qd7 33. f3 Nd4 34. Kh2 Bf7 35. Kh1 Nfe6 36. Kg2 Qd6 37. Kf2 Be8 38. Ng2 Bc6 39. Ne3 Nf4 40. Nc2 Nxc2 41. Qxc2 Ne6 42. Qb2 Be8 43. Kg1 Bd7 44. Kf2 Be8 1/2-1/2

[Event "Antwerp Open"]
[Site "Antwerp BEL"]
[Date "1995.??.??"]
[Round "8"]
[White "David, Alberto"]
[Black "Formanek, Edward W"]
[Result "1-0"]
[WhiteElo "2425"]
[BlackElo "2345"]
[PlyCount "43"]
[EventDate "1995.08.??"]
[Source "www.chesslib.no"]
[SourceDate "2004.05.04"]

1. e4 Nc6 2. Nc3 e5 3. f4 exf4 4. Nf3 d6 5. d4 g5 6. d5 Ne5 7. Bb5+ Bd7 8. Bxd7+ Kxd7 9. h4 f6 10. g3 Bh6 11. hxg5 fxg5 12. gxf4 gxf4 13. Nxe5+ dxe5 14. Qg4+ Ke8 15. Qh5+ Kd7 16. Qf5+ Kd6 17. Qe6+ Kc5 18. b3 c6 19. Na4+ Kb5 20. d6 c5 21. Qc4+ Kc6 22. Qd5+ 1-0

[Event "Gent op 19th"]
[Site "?"]
[Date "1996.??.??"]
[Round "8"]
[White "Kogan Artur"]
[Black "Van Schaardenburg Mark"]
[Result "1-0"]
[WhiteElo "2475"]
[BlackElo "2295"]
[PlyCount "75"]
[EventDate "1996.??.??"]
[Source "www.chesslib.no"]
[SourceDate "2004.05.04"]

1. e4 e5 2. Nc3 d6 3. f4 Nc6 4. Nf3 Bg4 5. Bb5 Nge7 6. h3 Bxf3 7. Qxf3 a6 8. Ba4 b5 9. Bb3 Nd4 10. Qf2 Nxb3 11. axb3 b4 12. Ne2 Nc6 13. O-O f6 14. d4 Be7 15. d5 Nb8 16. Bd2 c5 17. fxe5 dxe5 18. Ng3 g6 19. Bh6 Rg8 20. Qe2 Qd6 21. c3 bxc3 22. bxc3 Ra7 23. Ra4 Rb7 24. Qc4 Kd7 25. Be3 Rc8 26. Ra5 Rcc7 27. Ne2 Kc8 28. Nc1 Rb5 29. Rxb5 axb5 30. Qxb5 Rb7 31. Qe8+ Kc7 32. Nd3 Nd7 33. b4 Qa6 34. Nxc5 Bxc5 35. Bxc5 Nxc5 36. bxc5 Rb2 37. Qe7+ Kc8 38. Qxf6 1-0

[Event "Hastings op 9394"]
[Site "Hastings"]
[Date "1993.??.??"]
[Round "?"]
[White "Gallagher, Joseph G"]
[Black "Ledger, David"]
[Result "1-0"]
[WhiteElo "2500"]
[BlackElo "2265"]
[PlyCount "63"]
[EventDate "1993.12.??"]
[Source "ChessBase"]

1. e4 e5 2. f4 Nc6 3. Nc3 exf4 4. Nf3 d6 5. d4 g5 6. d5 Ne5 7. Bb5+ Bd7 8. Bxd7+ Kxd7 9. h4 g4 10. Nxe5+ dxe5 11. Qxg4+ Ke8 12. g3 fxg3 13. Qxg3 Bd6 14. Bg5 f6 15. Be3 Qd7 16. O-O-O Qf7 17. Rdf1 h5 18. Qf3 Nh6 19. Bxh6 Rxh6 20. Ne2 Ke7 21. Ng3 Rhh8 22. Nf5+ Kd7 23. Qh3 Kd8 24. Rhg1 Bf8 25. Rg3 a5 26. Rfg1 Ra6 27. Rg7 Bxg7 28. Rxg7 Qe8 29. Qc3 c6 30. Rxb7 Qg6 31. Rg7 Qe8 32. Qb3 1-0